000 00377nam a22001337a 4500
005 20250901165817.0
008 250402b |||||||| |||| 00| 0 eng d
020 _a9789966101259
050 _aPL 8704 .M34 2012
245 _aUpisho wa malenga
_cUmeandikwa na Hassan Mwalimu Mbega na Ustadh-Shuara
260 _aNairobi:
_bKLB,
_c2012
300 _avi, 79p.:
_c18 cm.
942 _2lcc
999 _c9519
_d9519